[Event "Avoine op 31st"]
[Site "Avoine"]
[Date "2016.07.27"]
[Round "5"]
[White "Mirimanian, Hayk"]
[Black "Saiah, Karim"]
[Result "1-0"]
[WhiteElo "2221"]
[BlackElo "1937"]
[PlyCount "101"]
[EventDate "2016.07.23"]
[EventType "swiss"]
[EventRounds "9"]
[EventCountry "FRA"]
[SourceTitle "CBM 173 Extra"]
[Source "ChessBase"]
[SourceDate "2016.08.29"]
[SourceVersion "1"]
[SourceVersionDate "2016.08.29"]
[SourceQuality "1"]

1. e4 e5 2. Nf3 Nc6 3. Bc4 Nf6 4. d3 Bc5 5. 0-0 d6 6. c3 Bg4 7. h3 Bh5 8. Re1 0-0 9. Nbd2 a6 10. Bb3 h6 11. Nf1 Nh7 12. Ng3 Bg6 13. h4 Nf6 14. Nh2 Qd7 15. h5 Bh7 16. Qf3 Qe7 17. Bd2 Rad8 18. Rad1 Kh8 19. Nhf1 Ng8 20. Ne3 Bxe3 21. Bxe3 Qh4 22. d4 Nf6 23. dxe5 Nxe5 24. Qf4 Neg4 25. Bd4 Nxh5 26. Nxh5 Qxh5 27. Rd3 Rde8 28. Rh3 Qg5 29. Qxg5 hxg5 30. f3 Ne5 31. Bxe5 Rxe5 32. Kf2 g4 33. Rh2 g3+ 34. Kxg3 Rg5+ 35. Kf4 Rg6 36. Reh1 Rh6 37. Rxh6 gxh6 38. Rxh6 Kg7 39. Rh1 f5 40. Rxh7+ Kxh7 41. exf5 c6 42. Be6 a5 43. g4 Kh6 44. g5+ Kh5 45. f6 Kg6 46. Kg4 Rh8 47. f4 Rh1 48. f5+ Kh7 49. g6+ Kh6 50. f7 Rg1+ 51. Kh3 1-0

[Event "Vaujany op-A 6th"]
[Site "Vaujany"]
[Date "2015.07.09"]
[Round "1"]
[White "Foisor, Ovidiu Doru"]
[Black "Saiah, Karim"]
[Result "1-0"]
[WhiteElo "2374"]
[BlackElo "1931"]
[PlyCount "37"]
[EventDate "2015.07.09"]
[EventType "swiss"]
[EventRounds "9"]
[EventCountry "FRA"]
[SourceTitle "EXT 2016"]
[Source "ChessBase"]
[SourceDate "2015.10.08"]
[SourceVersion "1"]
[SourceVersionDate "2015.10.08"]
[SourceQuality "1"]

1. d4 d5 2. c4 e6 3. Nc3 Nf6 4. cxd5 exd5 5. Bg5 Be7 6. e3 c6 7. Qc2 0-0 8. Bd3 h6 9. Bf4 Re8 10. Nf3 Bd6 11. Bg3 Qe7 12. Bxd6 Qxd6 13. 0-0 Nbd7 14. Rab1 Nf8 15. b4 Bd7 16. Rfc1 Rac8 17. Na4 b6 18. Nc3 Rc7 19. Nb5 1-0

[Event "EU-ch 12th"]
[Site "Aix les Bains"]
[Date "2011.03.22"]
[Round "1"]
[White "Saiah, Karim"]
[Black "Petrik, Tomas"]
[Result "0-1"]
[WhiteElo "2031"]
[BlackElo "2536"]
[PlyCount "78"]
[EventDate "2011.03.22"]
[EventType "swiss"]
[EventRounds "11"]
[EventCountry "FRA"]
[SourceTitle "CBM 142 Extra"]
[Source "ChessBase"]
[SourceDate "2011.06.27"]
[SourceVersion "1"]
[SourceVersionDate "2011.06.27"]
[SourceQuality "1"]

1. d4 e6 2. c4 Nf6 3. Nc3 Bb4 4. e3 0-0 5. Nf3 c5 6. a3 Bxc3+ 7. bxc3 Nc6 8. Bd3 d6 9. 0-0 e5 10. d5 Ne7 11. Nd2 Ne8 12. f4 f5 13. e4 exf4 14. Rxf4 Ng6 15. Rf1 Ne5 16. Nf3 f4 17. Nxe5 dxe5 18. Ra2 Nf6 19. Qe1 Qe7 20. a4 Bd7 21. a5 Rae8 22. Rb2 Bc8 23. Ra2 g5 24. Kh1 Kh8 25. Bd2 Rg8 26. Qf2 Ref8 27. Bc1 g4 28. Qe1 g3 29. h3 Ng4 30. Be2 Qh4 31. Bf3 Nh2 32. Qd1 Bg4 33. Bxg4 Nxg4 34. Kg1 Nh2 35. Rf3 Qh5 36. Rd3 f3 37. gxf3 Nxf3+ 38. Kg2 Nh4+ 39. Kg1 g2 0-1